Artes poéticas

Na minha lista:
Detalhes bibliográficos
Principais autores: Aristóteles, 384 a.C.- 322 a.C (Autor), Horacio (Autor)
Formato: Livro
Idioma:espanhol
Publicado em: Madrid Visor Libros 2003
Edição:1a. ed
coleção:Colección Visor Literario, 9
Assuntos:
Tags: Adicionar Tag
Sem tags, seja o primeiro a adicionar uma tag!

MARC

LEADER 00000cam a2200000 a 4500
001 UCD8686
003 CL-VaPUC
008 170519e20030000sp |||||||||||||||||spa|d
020 |a 8475229115 
082 0 4 |a 185  |b ARI  |2 21 
100 |a Aristóteles,  |d 384 a.C.- 322 a.C.  |e author  |9 194 
700 |a Horacio  |e author  |9 267078 
245 1 0 |a Artes poéticas 
250 |a 1a. ed 
300 |a 185 p 
942 |c BK 
945 |d 20170519 15:42:00  |a arojas 
260 |a Madrid  |b Visor Libros  |c 2003 
650 0 |a Poética  |9 266624 
650 7 |a LITERATURA GRIEGA  |2 CL-VaPUC  |9 258054 
583 |a last modification  |c 20170519 15:42:00  |k Rodrigo Vera 
490 0 |a Colección Visor Literario, 9 
999 |c 368016  |d 368014 
952 |0 0  |1 0  |3 erb  |4 0  |6 185_000000000000000_ARI_2003  |7 0  |8 A  |9 483265  |a BIBART  |b BIBART  |i 5375843  |o 185 ARI 2003  |p 5375843  |r 2025-03-13  |w 2019-11-24  |y BK  |z Catalogado en:20170519  |k ART